<?xml version="1.0" encoding="UTF-8"?>
<collection xmlns="http://www.loc.gov/MARC21/slim">
 <record>
  <leader>00828pamaa2200217   4500</leader>
  <controlfield tag="001">0000039645</controlfield>
  <controlfield tag="005">20140919090000.0</controlfield>
  <datafield tag="020" ind1="0" ind2="0">
   <subfield code="a">0534408559 (pbk) </subfield>
  </datafield>
  <datafield tag="082" ind1=" " ind2=" ">
   <subfield code="a">530 GOR 2004</subfield>
  </datafield>
  <datafield tag="090" ind1="0" ind2="0">
   <subfield code="a">QC21 </subfield>
   <subfield code="b">GOR 2004</subfield>
  </datafield>
  <datafield tag="100" ind1="1" ind2="0">
   <subfield code="a">GORDON </subfield>
  </datafield>
  <datafield tag="245" ind1="1" ind2="0">
   <subfield code="a">Student solutions manual and study guide for Serway and Jewett's physics for scientists and engineers : </subfield>
   <subfield code="b">volume one  </subfield>
   <subfield code="c">John R. Gordon, Ralph V. McGrew, Raymond A. Serway.</subfield>
  </datafield>
  <datafield tag="250" ind1="0" ind2="0">
   <subfield code="a">6th ed.</subfield>
  </datafield>
  <datafield tag="260" ind1="0" ind2="0">
   <subfield code="a">Belmont, California: </subfield>
   <subfield code="b">Thomson/Brooks/Cole, </subfield>
   <subfield code="c">2004.</subfield>
  </datafield>
  <datafield tag="300" ind1=" " ind2=" ">
   <subfield code="a">356p.: </subfield>
   <subfield code="b">ill.; </subfield>
   <subfield code="c">28 cm.</subfield>
  </datafield>
  <datafield tag="501" ind1="0" ind2="0">
   <subfield code="a">CSAM</subfield>
  </datafield>
  <datafield tag="650" ind1="0" ind2="0">
   <subfield code="a">Physics </subfield>
  </datafield>
  <datafield tag="650" ind1="0" ind2="0">
   <subfield code="a">Physics for Scientists and engineers </subfield>
  </datafield>
  <datafield tag="700" ind1="1" ind2="1">
   <subfield code="a">McGrew, </subfield>
   <subfield code="h">Ralph V </subfield>
  </datafield>
  <datafield tag="700" ind1="1" ind2="1">
   <subfield code="a">Serway, </subfield>
   <subfield code="h">Raymond A. </subfield>
  </datafield>
  <datafield tag="901" ind1=" " ind2=" ">
   <subfield code="u">http://www.brookscole.com/cgi-brookscole/course_products_bc.pl?fid=M20b&amp;product_isbn_issn=0534408427&amp;discipline_number=13</subfield>
  </datafield>
 </record>
</collection>
